| 000 | 00546nam a2200181Ia 4500 | ||
|---|---|---|---|
| 003 | IN-BaIIA | ||
| 008 | 211028s9999 xx 000 0 eng d | ||
| 020 | _a0-85296-440-4 | ||
| 040 | _cIIA Library | ||
| 080 |
_a083.8:52 _bCOL |
||
| 100 |
_aCollins, Mike comp. _910685 |
||
| 245 | 0 |
_aAstronomical catalogues 1951-1975 _cMike comp Collins |
|
| 260 |
_aU.K. _bThe institution of electrical engineers _c1977 |
||
| 300 | _aix, 325p. | ||
| 650 |
_aAstronomy _980 |
||
| 650 |
_aBibliography _92940 |
||
| 942 | _cBK | ||
| 999 |
_c6209 _d6209 |
||